[Event "MSR_ch16"]
[Site "?"]
[Date "2024.04.08"]
[Round "5.1"]
[White "Elias, David"]
[Black "Oruzinsky, Juraj"]
[Result "1-0"]
[BlackElo "2118"]
[WhiteElo "2257"]
[LiveChessVersion "1.4.8"]

1. c4 {[%clk 1:30:42]} c6 {[%clk 1:30:51]} 2. d4 {[%clk 1:30:59]} d5
{[%clk 1:31:16]} 3. Nf3 {[%clk 1:31:20]} Nf6 {[%clk 1:31:40]} 4. Nc3
{[%clk 1:31:46]} a6 {[%clk 1:31:55]} 5. e3 {[%clk 1:32:03]} Bf5 {[%clk 1:31:56]}
6. Ne5 {[%clk 1:32:25]} Nbd7 {[%clk 1:28:07]} 7. Qb3 {[%clk 1:32:50]} Rb8
{[%clk 1:22:33]} 8. Nxd7 {[%clk 1:28:31]} Qxd7 {[%clk 1:22:20]} 9. cxd5
{[%clk 1:28:52]} cxd5 {[%clk 1:20:44]} 10. Bxa6 {[%clk 1:28:41]} Qd6
{[%clk 1:19:55]} 11. Be2 {[%clk 1:23:06]} e6 {[%clk 1:06:15]} 12. Qa4+
{[%clk 1:23:16]} Nd7 {[%clk 1:06:25]} 13. Bd2 {[%clk 1:23:28]} Qb4
{[%clk 0:57:59]} 14. Bb5 {[%clk 1:21:21]} Rd8 {[%clk 0:57:56]} 15. Nxd5
{[%clk 1:19:52]} Qxa4 {[%clk 0:52:37]} 16. Nc7+ {[%clk 1:20:16]} Ke7
{[%clk 0:53:02]} 17. Bxa4 {[%clk 1:20:42]} Rc8 {[%clk 0:53:05]} 18. Nb5
{[%clk 1:20:15]} Nb6 {[%clk 0:52:42]} 19. Bb3 {[%clk 1:19:07]} Bd3
{[%clk 0:50:09]} 20. Bb4+ {[%clk 1:18:28]} Kf6 {[%clk 0:50:03]} 21. Bxf8
{[%clk 1:18:37]} Bxb5 {[%clk 0:49:40]} 22. Bb4 {[%clk 1:17:40]} Ba4
{[%clk 0:37:50]} 23. Bxa4 {[%clk 1:11:57]} Nxa4 {[%clk 0:38:16]} 24. b3
{[%clk 1:12:09]} Nb6 {[%clk 0:38:41]} 25. Bd2 {[%clk 1:07:41]} Rc2
{[%clk 0:33:34]} 26. Ke2 {[%clk 1:06:16]} Ra8 {[%clk 0:26:47]} 27. a4
{[%clk 1:06:15]} Rac8 {[%clk 0:22:05]} 28. a5 {[%clk 1:05:33]} Nd5
{[%clk 0:20:04]} 29. Rhc1 {[%clk 1:05:45]} R8c3 {[%clk 0:18:59]} 30. Rxc2
{[%clk 1:04:41]} Rxc2 {[%clk 0:19:21]} 31. Kd3 {[%clk 1:03:45]} Rb2
{[%clk 0:19:19]} 32. e4 {[%clk 1:03:48]} 1-0

[Event "MSR_ch16"]
[Site "?"]
[Date "2024.04.08"]
[Round "5.2"]
[White "Gay, Lukas"]
[Black "Durana, Jonas"]
[Result "0-1"]
[BlackElo "2007"]
[WhiteElo "1976"]
[LiveChessVersion "1.4.8"]

1. e4 {[%clk 1:30:55]} e5 {[%clk 1:30:54]} 2. Nc3 {[%clk 1:31:14]} Nf6
{[%clk 1:31:03]} 3. Nf3 {[%clk 1:31:36]} Nc6 {[%clk 1:31:24]} 4. Bb5
{[%clk 1:31:56]} Bb4 {[%clk 1:27:32]} 5. O-O {[%clk 1:32:02]} d6 {[%clk 1:27:21]}
6. d3 {[%clk 1:27:10]} O-O {[%clk 1:21:55]} 7. Ne2 {[%clk 1:27:31]} Bg4
{[%clk 1:21:07]} 8. c3 {[%clk 1:27:46]} Bc5 {[%clk 1:16:11]} 9. Ng3
{[%clk 1:26:53]} Re8 {[%clk 0:54:40]} 10. h3 {[%clk 1:23:32]} Bd7
{[%clk 0:53:40]} 11. Bg5 {[%clk 1:19:49]} h6 {[%clk 0:51:55]} 12. Be3
{[%clk 1:19:44]} Bb6 {[%clk 0:52:13]} 13. Re1 {[%clk 1:12:18]} Bxe3
{[%clk 0:45:12]} 14. fxe3 {[%clk 1:11:34]} d5 {[%clk 0:45:06]} 15. exd5
{[%clk 1:11:49]} Nxd5 {[%clk 0:45:24]} 16. Bc4 {[%clk 1:10:04]} Be6
{[%clk 0:44:06]} 17. Ne4 {[%clk 1:02:35]} Nf6 {[%clk 0:40:31]} 18. Bxe6
{[%clk 1:00:35]} fxe6 {[%clk 0:38:47]} 19. Nxf6+ {[%clk 1:00:14]} Qxf6
{[%clk 0:36:02]} 20. Qb3 {[%clk 1:00:08]} Rab8 {[%clk 0:36:05]} 21. Nd2
{[%clk 0:56:05]} Qd8 {[%clk 0:31:42]} 22. Qc4 {[%clk 0:53:55]} Qd5
{[%clk 0:30:44]} 23. Qxd5 {[%clk 0:52:23]} exd5 {[%clk 0:28:17]} 24. d4
{[%clk 0:49:27]} Re7 {[%clk 0:26:25]} 25. Nf3 {[%clk 0:49:33]} e4
{[%clk 0:24:32]} 26. Nd2 {[%clk 0:49:27]} Re6 {[%clk 0:19:06]} 27. Rf1
{[%clk 0:47:57]} Rf8 {[%clk 0:19:18]} 28. Rf2 {[%clk 0:47:24]} Rxf2
{[%clk 0:18:12]} 29. Kxf2 {[%clk 0:47:52]} Rf6+ {[%clk 0:18:00]} 30. Ke2
{[%clk 0:47:26]} Ne7 {[%clk 0:18:20]} 31. g4 {[%clk 0:47:21]} h5 {[%clk 0:17:10]}
32. gxh5 {[%clk 0:41:23]} Rh6 {[%clk 0:16:08]} 33. c4 {[%clk 0:40:01]} Rxh5
{[%clk 0:16:23]} 34. cxd5 {[%clk 0:40:25]} Nxd5 {[%clk 0:16:33]} 35. Nxe4
{[%clk 0:40:37]} Rxh3 {[%clk 0:16:48]} 36. Nc3 {[%clk 0:40:48]} Nxe3
{[%clk 0:16:27]} 37. Nb5 {[%clk 0:41:10]} c6 {[%clk 0:16:20]} 38. Nxa7
{[%clk 0:40:32]} Nf5 {[%clk 0:13:15]} 39. Rd1 {[%clk 0:32:44]} Rh2+
{[%clk 0:10:51]} 40. Kf3 {[%clk 0:33:09]} Rxb2 {[%clk 0:09:21]} 41. d5
{[%clk 0:32:27]} cxd5 {[%clk 0:02:26]} 42. Rxd5 {[%clk 0:32:53]} Rxa2
{[%clk 0:01:02]} 43. Nc8 {[%clk 0:33:15]} Ra8 {[%clk 0:28:20]} 44. Nb6
{[%clk 1:03:18]} Rf8 {[%clk 0:27:54]} 45. Rd7 {[%clk 1:03:25]} Rf7
{[%clk 0:26:43]} 46. Rd8+ {[%clk 1:02:48]} Kh7 {[%clk 0:25:10]} 0-1

[Event "MSR_ch16"]
[Site "?"]
[Date "2024.04.08"]
[Round "5.3"]
[White "Smetana, Peter"]
[Black "Hasala, Richard"]
[Result "1/2-1/2"]
[BlackElo "1851"]
[WhiteElo "1949"]
[LiveChessVersion "1.4.8"]

1. e4 {[%clk 1:30:42]} c5 {[%clk 1:30:54]} 2. Nf3 {[%clk 1:30:54]} e6
{[%clk 1:31:04]} 3. d4 {[%clk 1:28:13]} cxd4 {[%clk 1:31:23]} 4. Nxd4
{[%clk 1:28:29]} Nf6 {[%clk 1:30:31]} 5. Nc3 {[%clk 1:28:18]} Nc6
{[%clk 1:30:54]} 6. Bf4 {[%clk 1:21:58]} d6 {[%clk 1:16:21]} 7. Nxc6
{[%clk 1:21:06]} bxc6 {[%clk 1:16:31]} 8. e5 {[%clk 1:20:08]} Nd5
{[%clk 1:15:44]} 9. Nxd5 {[%clk 1:19:44]} exd5 {[%clk 1:15:55]} 10. Bd3
{[%clk 1:08:39]} Be6 {[%clk 1:05:55]} 11. O-O {[%clk 1:03:06]} dxe5
{[%clk 1:04:34]} 12. Bxe5 {[%clk 1:03:19]} Bd6 {[%clk 1:04:53]} 13. Bxd6
{[%clk 0:56:31]} Qxd6 {[%clk 1:04:19]} 14. Qf3 {[%clk 0:54:07]} O-O
{[%clk 0:57:53]} 15. Rfe1 {[%clk 0:51:32]} c5 {[%clk 0:53:54]} 16. Bf5
{[%clk 0:22:09]} Rfe8 {[%clk 0:43:45]} 17. Bxe6 {[%clk 0:14:16]} fxe6
{[%clk 0:39:51]} 18. Rad1 {[%clk 0:13:24]} Rad8 {[%clk 0:39:39]} 19. Qc3
{[%clk 0:08:39]} e5 {[%clk 0:35:22]} 20. Rd3 {[%clk 0:05:23]} e4 {[%clk 0:30:02]}
21. Rg3 {[%clk 0:05:33]} d4 {[%clk 0:30:23]} 22. Qc4+ {[%clk 0:05:37]} Qd5
{[%clk 0:29:31]} 23. Qxd5+ {[%clk 0:05:29]} Rxd5 {[%clk 0:29:59]} 24. b3
{[%clk 0:05:31]} Kf7 {[%clk 0:29:01]} 25. Kf1 {[%clk 0:04:42]} Kf6
{[%clk 0:27:11]} 26. Ke2 {[%clk 0:01:37]} Rg5 {[%clk 0:21:02]} 27. Rxg5
{[%clk 0:01:28]} Kxg5 {[%clk 0:21:29]} 28. Kd2 {[%clk 0:01:18]} Kf4
{[%clk 0:20:59]} 29. Rd1 {[%clk 0:00:38]} Re6 {[%clk 0:19:15]} 30. Rf1
{[%clk 0:00:36]} h5 {[%clk 0:17:41]} 31. f3 {[%clk 0:00:32]} e3+ {[%clk 0:17:59]}
32. Ke2 {[%clk 0:00:59]} h4 {[%clk 0:17:40]} 33. g3+ {[%clk 0:01:09]} hxg3
{[%clk 0:15:00]} 1/2-1/2

[Event "MSR_ch16"]
[Site "?"]
[Date "2024.04.08"]
[Round "5.4"]
[White "Szakal, Bartolomej"]
[Black "Pongo, Aron"]
[Result "0-1"]
[BlackElo "1887"]
[WhiteElo "1839"]
[LiveChessVersion "1.4.8"]

1. d4 {[%clk 1:30:57]} d5 {[%clk 1:31:00]} 2. e3 {[%clk 1:31:17]} Nf6
{[%clk 1:27:14]} 3. Bd3 {[%clk 1:31:36]} e6 {[%clk 1:25:43]} 4. Nf3
{[%clk 1:30:57]} c5 {[%clk 1:25:22]} 5. b3 {[%clk 1:31:18]} Nc6 {[%clk 1:23:38]}
6. Bb2 {[%clk 1:31:38]} cxd4 {[%clk 1:21:49]} 7. exd4 {[%clk 1:30:28]} Be7
{[%clk 1:19:52]} 8. O-O {[%clk 1:30:45]} O-O {[%clk 1:19:41]} 9. Nbd2
{[%clk 1:30:42]} Bd7 {[%clk 1:18:56]} 10. Ne5 {[%clk 1:30:18]} Rc8
{[%clk 1:16:35]} 11. a3 {[%clk 1:26:30]} Be8 {[%clk 0:58:00]} 12. f4
{[%clk 1:26:16]} Nd7 {[%clk 0:56:27]} 13. Qg4 {[%clk 1:21:45]} f5
{[%clk 0:51:27]} 14. Qe2 {[%clk 1:12:56]} Ndxe5 {[%clk 0:51:15]} 15. fxe5
{[%clk 1:11:32]} Qb6 {[%clk 0:50:08]} 16. Qf2 {[%clk 1:03:21]} Nxe5
{[%clk 0:44:24]} 17. Rae1 {[%clk 0:56:14]} Nxd3 {[%clk 0:43:54]} 18. cxd3
{[%clk 0:56:41]} Rc2 {[%clk 0:37:50]} 19. Bc1 {[%clk 0:56:58]} Bf6
{[%clk 0:36:58]} 20. Qf3 {[%clk 0:55:40]} Bxd4+ {[%clk 0:36:24]} 21. Kh1
{[%clk 0:56:00]} Bg6 {[%clk 0:33:13]} 22. b4 {[%clk 0:55:49]} Rfc8
{[%clk 0:32:17]} 23. Nb3 {[%clk 0:55:42]} Bf7 {[%clk 0:19:19]} 24. Nxd4
{[%clk 0:52:32]} Qxd4 {[%clk 0:19:47]} 25. Qe3 {[%clk 0:50:59]} Qxe3
{[%clk 0:19:54]} 26. Bxe3 {[%clk 0:51:26]} a6 {[%clk 0:19:24]} 27. Bc5
{[%clk 0:51:39]} Rc6 {[%clk 0:18:49]} 28. Rc1 {[%clk 0:50:50]} Rxc1
{[%clk 0:16:24]} 29. Rxc1 {[%clk 0:51:18]} b6 {[%clk 0:15:47]} 30. Be3
{[%clk 0:51:42]} Rxc1+ {[%clk 0:13:51]} 31. Bxc1 {[%clk 0:52:10]} e5
{[%clk 0:08:41]} 32. Kg1 {[%clk 0:52:26]} Be8 {[%clk 0:07:20]} 33. Bb2
{[%clk 0:50:17]} d4 {[%clk 0:06:37]} 34. Kf2 {[%clk 0:50:29]} Bb5
{[%clk 0:06:35]} 35. Ke2 {[%clk 0:49:55]} Kf7 {[%clk 0:06:37]} 36. Kd2
{[%clk 0:49:50]} Ke6 {[%clk 0:06:45]} 37. Kc2 {[%clk 0:49:48]} Kd5
{[%clk 0:06:45]} 38. Bc1 {[%clk 0:50:01]} e4 {[%clk 0:05:07]} 39. dxe4+
{[%clk 0:50:22]} fxe4 {[%clk 0:05:35]} 40. Bf4 {[%clk 0:50:37]} e3
{[%clk 0:04:44]} 41. Kd1 {[%clk 0:50:57]} Ke4 {[%clk 0:04:50]} 42. Bc7
{[%clk 0:51:16]} d3 {[%clk 0:04:54]} 43. Bxb6 {[%clk 0:51:32]} d2
{[%clk 0:04:56]} 0-1

[Event "MSR_ch16"]
[Site "?"]
[Date "2024.04.08"]
[Round "5.5"]
[White "Mantic, Andrej"]
[Black "Buzalka, Martin"]
[Result "0-1"]
[BlackElo "1819"]
[WhiteElo "1855"]
[LiveChessVersion "1.4.8"]

1. Nf3 {[%clk 1:30:52]} c6 {[%clk 1:30:29]} 2. d4 {[%clk 1:31:04]} d5
{[%clk 1:30:08]} 3. e3 {[%clk 1:30:15]} Nf6 {[%clk 1:30:23]} 4. c4
{[%clk 1:30:07]} Bf5 {[%clk 1:27:39]} 5. Nc3 {[%clk 1:28:58]} e6 {[%clk 1:27:34]}
6. Bd3 {[%clk 1:27:50]} Bxd3 {[%clk 1:26:43]} 7. Qxd3 {[%clk 1:27:43]} Nbd7
{[%clk 1:26:49]} 8. O-O {[%clk 1:27:18]} Be7 {[%clk 1:26:57]} 9. Rd1
{[%clk 1:24:04]} O-O {[%clk 1:27:05]} 10. e4 {[%clk 1:23:13]} dxe4
{[%clk 1:25:47]} 11. Nxe4 {[%clk 1:23:36]} h6 {[%clk 1:23:54]} 12. Bf4
{[%clk 1:19:52]} Nxe4 {[%clk 1:20:52]} 13. Qxe4 {[%clk 1:20:16]} Qa5
{[%clk 1:19:50]} 14. a3 {[%clk 1:14:34]} Qh5 {[%clk 1:14:33]} 15. Bg3
{[%clk 1:11:04]} Rfe8 {[%clk 1:08:32]} 16. Qc2 {[%clk 1:08:11]} b5
{[%clk 0:57:36]} 17. d5 {[%clk 1:02:09]} exd5 {[%clk 0:52:44]} 18. cxd5
{[%clk 1:02:04]} c5 {[%clk 0:48:19]} 19. b4 {[%clk 0:52:33]} Rac8
{[%clk 0:42:28]} 20. Rac1 {[%clk 0:44:09]} Bf6 {[%clk 0:36:51]} 21. bxc5
{[%clk 0:36:08]} Rxc5 {[%clk 0:37:02]} 22. Qd2 {[%clk 0:33:50]} Rec8
{[%clk 0:34:40]} 23. Rxc5 {[%clk 0:33:51]} Rxc5 {[%clk 0:33:44]} 24. Bd6
{[%clk 0:34:02]} Rc3 {[%clk 0:31:45]} 25. Qe2 {[%clk 0:32:37]} Qg6
{[%clk 0:25:12]} 26. Bb4 {[%clk 0:30:44]} Qc2 {[%clk 0:22:26]} 27. Qe8+
{[%clk 0:26:33]} Kh7 {[%clk 0:21:56]} 28. Rf1 {[%clk 0:25:59]} Rxf3
{[%clk 0:19:12]} 29. gxf3 {[%clk 0:21:36]} Ne5 {[%clk 0:19:26]} 30. Kh1
{[%clk 0:19:01]} Qe2 {[%clk 0:18:30]} 31. Rg1 {[%clk 0:15:02]} Qxf2
{[%clk 0:13:33]} 32. Qxb5 {[%clk 0:12:28]} Qxf3+ {[%clk 0:13:37]} 33. Rg2
{[%clk 0:12:36]} Qd1+ {[%clk 0:13:34]} 34. Rg1 {[%clk 0:12:58]} Qf3+
{[%clk 0:14:00]} 35. Rg2 {[%clk 0:13:19]} Nd3 {[%clk 0:12:18]} 36. Bc5
{[%clk 0:13:04]} Qf1+ {[%clk 0:11:04]} 37. Bg1 Nf2+ 0-1

[Event "MSR_ch16"]
[Site "?"]
[Date "2024.04.08"]
[Round "5.6"]
[White "Osvald, David"]
[Black "Hitka, Dominik"]
[Result "1-0"]
[BlackElo "1854"]
[WhiteElo "1554"]
[LiveChessVersion "1.4.8"]

1. d4 {[%clk 1:30:59]} Nf6 {[%clk 1:30:53]} 2. c4 {[%clk 1:31:20]} d6
{[%clk 1:30:31]} 3. Nc3 {[%clk 1:31:31]} g6 {[%clk 1:30:52]} 4. e4
{[%clk 1:31:50]} Bg7 {[%clk 1:31:15]} 5. Nf3 {[%clk 1:31:57]} Bg4
{[%clk 1:31:11]} 6. Be2 {[%clk 1:31:45]} O-O {[%clk 1:31:03]} 7. O-O
{[%clk 1:31:17]} c6 {[%clk 1:31:09]} 8. Be3 {[%clk 1:30:39]} Qc7 {[%clk 1:30:46]}
9. Qd2 {[%clk 1:29:11]} Re8 {[%clk 1:30:42]} 10. Rac1 {[%clk 1:27:54]} Bxf3
{[%clk 1:29:03]} 11. Bxf3 {[%clk 1:26:50]} a6 {[%clk 1:27:49]} 12. b4
{[%clk 1:21:53]} b6 {[%clk 1:23:55]} 13. b5 {[%clk 1:13:53]} e5 {[%clk 1:18:18]}
14. bxc6 {[%clk 1:01:35]} exd4 {[%clk 1:09:05]} 15. Qxd4 {[%clk 0:47:00]} Nxc6
{[%clk 0:48:05]} 16. Qxb6 {[%clk 0:43:00]} Qxb6 {[%clk 0:47:08]} 17. Bxb6
{[%clk 0:43:20]} Ne5 {[%clk 0:46:40]} 18. Nd5 {[%clk 0:39:26]} Nxd5
{[%clk 0:43:24]} 19. cxd5 {[%clk 0:38:21]} Nxf3+ {[%clk 0:42:20]} 20. gxf3
{[%clk 0:38:45]} Re5 {[%clk 0:41:58]} 21. Rc6 {[%clk 0:35:45]} Rg5+
{[%clk 0:39:10]} 22. Kh1 {[%clk 0:36:13]} Be5 {[%clk 0:39:27]} 23. Be3
{[%clk 0:35:45]} Rh5 {[%clk 0:38:28]} 24. f4 {[%clk 0:35:53]} Bg7
{[%clk 0:38:00]} 25. Rxd6 {[%clk 0:35:51]} Bf8 {[%clk 0:38:21]} 26. Rc6
{[%clk 0:35:45]} Ba3 {[%clk 0:37:56]} 27. Rb1 {[%clk 0:35:34]} a5
{[%clk 0:37:41]} 28. Bc5 {[%clk 0:35:47]} Bxc5 {[%clk 0:37:54]} 29. Rxc5
{[%clk 0:36:08]} Rh4 {[%clk 0:38:19]} 30. Rbc1 {[%clk 0:34:09]} Rf8
{[%clk 0:37:18]} 31. Kg2 {[%clk 0:31:59]} Rxf4 {[%clk 0:37:08]} 32. f3
{[%clk 0:31:52]} g5 {[%clk 0:36:04]} 33. d6 {[%clk 0:31:55]} f5 {[%clk 0:35:13]}
34. Rxf5 {[%clk 0:31:20]} R4xf5 {[%clk 0:35:24]} 35. exf5 {[%clk 0:31:36]} Rd8
{[%clk 0:35:46]} 36. Rd1 {[%clk 0:31:20]} Kf7 {[%clk 0:35:34]} 37. Kg3
{[%clk 0:30:48]} h5 {[%clk 0:35:00]} 38. h4 {[%clk 0:30:25]} Kf6 {[%clk 0:35:01]}
39. Rd5 {[%clk 0:30:44]} a4 {[%clk 0:34:10]} 40. d7 {[%clk 0:30:02]} a3
{[%clk 0:34:04]} 41. hxg5+ {[%clk 0:29:59]} Kxg5 {[%clk 0:34:12]} 42. f4+
{[%clk 0:30:06]} Kf6 {[%clk 0:34:19]} 43. Kh4 {[%clk 0:30:23]} Ke7
{[%clk 0:34:02]} 44. Kxh5 {[%clk 0:30:29]} Kf6 {[%clk 0:34:18]} 45. Kg4
{[%clk 0:30:35]} Ke7 {[%clk 0:34:07]} 46. Kg5 {[%clk 0:29:29]} Kf7
{[%clk 0:33:38]} 47. f6 {[%clk 0:29:41]} Ke6 {[%clk 0:33:29]} 48. Re5+
{[%clk 0:29:02]} Kd6 {[%clk 0:33:50]} 49. Re7 1-0

[Event "MSR_ch16"]
[Site "?"]
[Date "2024.04.08"]
[Round "5.7"]
[White "Benci, Jozef"]
[Black "Krivosik, Matus"]
[Result "1-0"]
[BlackElo "1782"]
[WhiteElo "2040"]
[LiveChessVersion "1.4.8"]

1. e4 {[%clk 1:30:30]} c6 {[%clk 1:30:55]} 2. d4 {[%clk 1:30:53]} d5
{[%clk 1:31:21]} 3. e5 {[%clk 1:31:15]} c5 {[%clk 1:31:41]} 4. dxc5
{[%clk 1:31:35]} Nc6 {[%clk 1:31:47]} 5. Bb5 {[%clk 1:31:00]} e6 {[%clk 1:30:13]}
6. Be3 {[%clk 1:30:48]} Nge7 {[%clk 1:24:43]} 7. c3 {[%clk 1:23:00]} Nf5
{[%clk 1:16:53]} 8. Bd4 {[%clk 1:20:59]} Qg5 {[%clk 1:12:07]} 9. Nf3
{[%clk 1:08:45]} Qxg2 {[%clk 1:09:24]} 10. Rg1 {[%clk 1:08:11]} Qh3
{[%clk 1:09:19]} 11. Nbd2 {[%clk 1:06:00]} Nh4 {[%clk 1:00:04]} 12. Bf1
{[%clk 0:53:36]} Nxf3+ {[%clk 0:56:10]} 13. Nxf3 {[%clk 0:54:04]} Qh6
{[%clk 0:47:49]} 14. Be3 {[%clk 0:51:49]} Qh5 {[%clk 0:45:50]} 15. Rg5
{[%clk 0:49:57]} Qh6 {[%clk 0:46:03]} 16. Rf5 {[%clk 0:26:17]} Qg6
{[%clk 0:46:08]} 17. Rg5 {[%clk 0:19:44]} Qh6 {[%clk 0:45:59]} 18. Rg3
{[%clk 0:19:13]} Qh5 {[%clk 0:45:58]} 19. Rh3 {[%clk 0:15:14]} Qf5
{[%clk 0:42:28]} 20. Rh4 {[%clk 0:10:42]} Nxe5 {[%clk 0:38:53]} 21. Rf4
{[%clk 0:09:44]} Qh5 {[%clk 0:38:25]} 22. Nxe5 {[%clk 0:09:24]} Qxe5
{[%clk 0:37:51]} 23. Qa4+ {[%clk 0:06:58]} Bd7 {[%clk 0:28:03]} 24. Bb5
{[%clk 0:07:25]} Qc7 {[%clk 0:27:26]} 25. O-O-O {[%clk 0:05:38]} Bxb5
{[%clk 0:22:46]} 26. Qxb5+ {[%clk 0:06:07]} Qc6 {[%clk 0:22:59]} 27. Qa5
{[%clk 0:04:53]} g6 {[%clk 0:17:44]} 28. c4 {[%clk 0:03:13]} Bg7 {[%clk 0:14:36]}
29. cxd5 {[%clk 0:02:48]} exd5 {[%clk 0:14:57]} 30. Qd2 {[%clk 0:02:23]} Be5
{[%clk 0:12:08]} 31. Rb4 {[%clk 0:01:47]} O-O-O {[%clk 0:11:01]} 32. Kb1
{[%clk 0:01:37]} Bxh2 {[%clk 0:09:15]} 33. f4 {[%clk 0:01:45]} Bg3
{[%clk 0:08:37]} 34. Qg2 {[%clk 0:02:03]} Bh4 {[%clk 0:07:40]} 35. Qh3+
{[%clk 0:02:29]} Qe6 {[%clk 0:07:50]} 36. f5 {[%clk 0:02:41]} gxf5
{[%clk 0:04:54]} 37. Rxh4 {[%clk 0:03:04]} Qg6 {[%clk 0:04:56]} 38. Rh6
{[%clk 0:02:02]} Qg7 {[%clk 0:04:01]} 39. Qxf5+ {[%clk 0:02:21]} Kb8
{[%clk 0:04:08]} 40. Rf6 {[%clk 0:01:59]} Rhe8 {[%clk 0:03:22]} 41. Bf4+
{[%clk 0:01:47]} Ka8 {[%clk 0:03:18]} 42. Rxf7 {[%clk 0:29:33]} Qg2
{[%clk 0:28:49]} 43. c6 {[%clk 0:23:09]} bxc6 {[%clk 0:27:44]} 44. Qxh7
{[%clk 0:22:22]} Qe4+ {[%clk 0:26:14]} 45. Qxe4 {[%clk 0:22:49]} Rxe4
{[%clk 0:26:25]} 46. Rc1 {[%clk 0:21:33]} d4 {[%clk 0:25:26]} 47. Rxc6
{[%clk 0:20:15]} d3 {[%clk 0:23:37]} 48. Rc1 {[%clk 0:16:37]} Re2
{[%clk 0:21:20]} 49. Rfc7 {[%clk 0:15:04]} Rd4 {[%clk 0:19:50]} 50. Rc8+
{[%clk 0:14:45]} Kb7 {[%clk 0:20:17]} 51. Rb8+ {[%clk 0:15:00]} Ka6
{[%clk 0:20:29]} 52. Rc6+ {[%clk 0:15:16]} Ka5 {[%clk 0:20:39]} 53. Bc7+
{[%clk 0:15:40]} Ka4 {[%clk 0:20:48]} 54. Ra6# {[%clk 0:16:04]} 1-0

[Event "MSR_ch16"]
[Site "?"]
[Date "2024.04.08"]
[Round "5.8"]
[White "Vargosko, Juraj"]
[Black "Rebro, Damian"]
[Result "0-1"]
[BlackElo "1825"]
[WhiteElo "1936"]
[LiveChessVersion "1.4.8"]

1. d4 {[%clk 1:30:58]} Nf6 {[%clk 1:30:54]} 2. Bg5 {[%clk 1:31:13]} g6
{[%clk 1:30:37]} 3. Bxf6 {[%clk 1:31:39]} exf6 {[%clk 1:30:58]} 4. e3
{[%clk 1:29:45]} Bg7 {[%clk 1:31:21]} 5. g3 {[%clk 1:29:49]} O-O {[%clk 1:29:40]}
6. Bg2 {[%clk 1:30:02]} d5 {[%clk 1:26:42]} 7. Ne2 {[%clk 1:29:56]} c6
{[%clk 1:21:31]} 8. c3 {[%clk 1:22:27]} f5 {[%clk 1:16:17]} 9. O-O
{[%clk 1:21:22]} Nd7 {[%clk 1:15:22]} 10. b4 {[%clk 1:20:08]} a6 {[%clk 1:08:37]}
11. a4 {[%clk 1:18:38]} Nf6 {[%clk 0:57:22]} 12. Nd2 {[%clk 1:13:52]} h5
{[%clk 0:49:42]} 13. c4 Ne4 {[%clk 0:45:17]} 14. c5 {[%clk 0:43:13]} h4
{[%clk 0:34:42]} 15. Qc2 {[%clk 0:34:54]} hxg3 {[%clk 0:30:21]} 16. hxg3
{[%clk 0:35:17]} Bd7 {[%clk 0:29:54]} 17. Rfb1 {[%clk 0:33:40]} Qc7
{[%clk 0:28:24]} 18. Ra3 {[%clk 0:29:42]} Rfb8 {[%clk 0:23:38]} 19. Rab3
{[%clk 0:26:22]} b5 {[%clk 0:16:25]} 20. cxb6 {[%clk 0:25:40]} Qxb6
{[%clk 0:16:29]} 21. Nxe4 {[%clk 0:21:24]} fxe4 {[%clk 0:16:47]} 22. Nc3
{[%clk 0:21:22]} Qb7 {[%clk 0:15:48]} 23. a5 {[%clk 0:16:43]} Bf8
{[%clk 0:14:29]} 24. Na4 {[%clk 0:16:34]} Be8 {[%clk 0:13:32]} 25. Bh3
{[%clk 0:14:08]} Ra7 {[%clk 0:12:35]} 26. Bf1 {[%clk 0:09:35]} Qc8
{[%clk 0:10:34]} 27. Nb6 {[%clk 0:07:07]} Qb7 {[%clk 0:10:44]} 28. Rc3
{[%clk 0:06:22]} Kg7 {[%clk 0:09:06]} 29. Bh3 {[%clk 0:05:23]} Kg8
{[%clk 0:08:55]} 30. Qe2 {[%clk 0:05:14]} Bd6 {[%clk 0:06:22]} 31. Qg4
{[%clk 0:01:23]} f5 {[%clk 0:06:19]} 32. Qe2 {[%clk 0:01:26]} Qh7
{[%clk 0:05:53]} 33. Kg2 {[%clk 0:01:01]} Qf7 {[%clk 0:05:26]} 34. Rcb3
{[%clk 0:00:43]} g5 {[%clk 0:05:24]} 35. g4 {[%clk 0:00:33]} f4 {[%clk 0:05:09]}
36. f3 {[%clk 0:01:02]} fxe3 {[%clk 0:04:54]} 37. fxe4 {[%clk 0:00:37]} Qf4
{[%clk 0:02:21]} 38. Kh1 {[%clk 0:01:07]} Qxe4+ {[%clk 0:02:24]} 39. Bg2
{[%clk 0:01:27]} Rh7+ {[%clk 0:02:00]} 40. Kg1 {[%clk 0:01:57]} Bh2+
{[%clk 0:01:47]} 41. Kf1 {[%clk 0:01:41]} Qf4+ {[%clk 0:26:35]} 42. Ke1
{[%clk 0:26:35]} Bg3+ {[%clk 0:23:49]} 43. Kd1 {[%clk 0:27:01]} Bf2
{[%clk 0:24:02]} 44. Bxd5+ {[%clk 0:14:37]} cxd5 {[%clk 0:23:38]} 45. Nxd5
{[%clk 0:13:05]} Qxd4+ {[%clk 0:23:36]} 46. Rd3 {[%clk 0:12:56]} Rh1+
{[%clk 0:22:30]} 47. Kc2 {[%clk 0:13:02]} Ba4+ {[%clk 0:22:42]} 48. Rbb3
{[%clk 0:12:54]} Rc8+ {[%clk 0:22:41]} 49. Rdc3 {[%clk 0:11:37]} Rxc3+
{[%clk 0:22:12]} 50. Nxc3 {[%clk 0:12:04]} Bxb3+ {[%clk 0:20:54]} 51. Kxb3
{[%clk 0:12:33]} Be1 {[%clk 0:20:37]} 52. Ka4 {[%clk 0:10:16]} Qxc3
{[%clk 0:18:58]} 0-1

[Event "MSR_ch16"]
[Site "?"]
[Date "2024.04.08"]
[Round "5.9"]
[White "Liska, Leo"]
[Black "Cizmar, Tomas"]
[Result "1/2-1/2"]
[BlackElo "1736"]
[WhiteElo "1361"]
[LiveChessVersion "1.4.8"]

1. d4 {[%clk 1:30:57]} Nf6 {[%clk 1:30:55]} 2. c4 {[%clk 1:31:23]} c5
{[%clk 1:31:22]} 3. d5 {[%clk 1:31:52]} b5 {[%clk 1:31:48]} 4. cxb5
{[%clk 1:32:18]} a6 {[%clk 1:32:04]} 5. bxa6 {[%clk 1:32:44]} Bxa6
{[%clk 1:32:28]} 6. Nc3 {[%clk 1:33:06]} d6 {[%clk 1:32:21]} 7. e4
{[%clk 1:33:30]} Bxf1 {[%clk 1:32:38]} 8. Kxf1 {[%clk 1:33:53]} g6
{[%clk 1:32:45]} 9. Nf3 {[%clk 1:34:16]} Bg7 {[%clk 1:33:04]} 10. g3
{[%clk 1:34:41]} O-O {[%clk 1:33:24]} 11. Kg2 {[%clk 1:35:07]} Nbd7
{[%clk 1:33:22]} 12. h3 {[%clk 1:35:30]} Qb6 {[%clk 1:32:36]} 13. a4
{[%clk 1:35:38]} Rfb8 {[%clk 1:32:24]} 14. Re1 {[%clk 1:35:42]} Ne8
{[%clk 1:31:36]} 15. Qc2 {[%clk 1:34:47]} Nc7 {[%clk 1:24:11]} 16. Ra2
{[%clk 1:30:49]} Na6 {[%clk 1:22:14]} 17. Qe2 {[%clk 1:29:52]} Nb4
{[%clk 1:12:20]} 18. Ra3 {[%clk 1:29:20]} Qb7 {[%clk 1:05:44]} 19. Nb5
{[%clk 1:27:54]} Nb6 {[%clk 1:00:00]} 20. b3 {[%clk 1:27:14]} c4 {[%clk 0:56:33]}
21. bxc4 {[%clk 1:24:59]} Rc8 {[%clk 0:48:38]} 22. Rb3 {[%clk 0:55:33]} Rxa4
{[%clk 0:42:12]} 23. Bb2 {[%clk 0:55:50]} Bxb2 {[%clk 0:41:18]} 24. Qxb2
{[%clk 0:55:55]} Nxc4 {[%clk 0:41:10]} 25. Qe2 {[%clk 0:48:07]} Qxb5
{[%clk 0:39:28]} 26. Rc1 {[%clk 0:48:20]} Ra2 {[%clk 0:37:41]} 27. Qe1
{[%clk 0:45:48]} Rb8 {[%clk 0:32:07]} 28. Rcb1 {[%clk 0:45:29]} Ra4
{[%clk 0:25:20]} 29. Nd4 {[%clk 0:44:47]} Qc5 {[%clk 0:23:21]} 30. Nc2
{[%clk 0:44:45]} Ne5 {[%clk 0:15:32]} 31. Rxb4 {[%clk 0:43:27]} Rbxb4
{[%clk 0:14:53]} 32. Nxb4 {[%clk 0:43:42]} Kg7 {[%clk 0:13:25]} 33. Qd2
{[%clk 0:41:17]} 1/2-1/2